|
|
|
|
| LEADER |
01009nam a2200229 i 4500 |
| 001 |
c000246559 |
| 003 |
CARM |
| 005 |
00000000000000.0 |
| 008 |
840311s1953 enk 0 eng d |
| 019 |
1 |
|
|a 3091367
|z 27396821
|5 LACONCORD2021
|
| 035 |
|
|
|a (OCoLC)3802120
|5 LACONCORD2021
|
| 082 |
0 |
4 |
|a 338.0942
|
| 100 |
1 |
|
|a Grondona, L. St. Clare.
|
| 245 |
1 |
0 |
|a Commonwealth stocktaking /
|c With twenty-two pages of coloured diagrams by Mrs. St. Clare Grondona ; Statistical research by John St. Clare Grondona. Principal collaborator, L. B. Pinnell.
|
| 260 |
|
|
|a London :
|b Butterworths Publications ,
|c 1953.
|
| 300 |
|
|
|a 389 p. :
|b illus.
|
| 500 |
|
|
|a Bibliography: p.337-340.
|
| 650 |
|
0 |
|a Industries
|z Commonwealth countries.
|
| 650 |
|
0 |
|a Industries
|z Great Britain
|x Colonies.
|
| 852 |
8 |
|
|b CARM
|h A1:AQ13E0
|i C09008
|p 0366197
|f BK
|
| 999 |
f |
f |
|i b2017fbc-e2db-55b8-8ba0-38b319c9baae
|s 7209167e-dd3a-54e4-8331-c0975a11da33
|
| 952 |
f |
f |
|p Can circulate
|a CAVAL
|b CAVAL
|c CAVAL
|d CARM 1 Store
|e C09008
|f A1:AQ13E0
|h Other scheme
|i book
|m 0366197
|